| 000 | 01373cam a2200277 a 4500 | ||
|---|---|---|---|
| 001 | 12369833 | ||
| 005 | 20220326193314.0 | ||
| 008 | 010316s1999 uy a b 000 0 spa | ||
| 010 | _a 2001286514 | ||
| 020 | _a9974100534 (v. 2) | ||
| 035 | _a(DLC) 2001286514 | ||
| 040 |
_aDLC _cDLC |
||
| 042 | _alcode | ||
| 043 | _as-uy--- | ||
| 082 |
_a700.989.1 _bP 393h2 |
||
| 100 | 1 |
_aPeluffo Linari, Gabriel. _9495 |
|
| 245 | 1 | 0 |
_aHistoria de la pintura uruguaya / _cGabriel Peluffo Linari. _bEntre Localismo y Universalismo: Representaciones de la modernidad (1930-1960) |
| 250 | _a2a ed. | ||
| 260 |
_aMontevideo, Uruguay : _bEdiciones de la Banda Oriental, _cc1999. |
||
| 300 |
_a2 v. : _bill. (some col.) ; _c27 cm. |
||
| 504 | _aIncludes bibliographical references. | ||
| 505 | 0 |
_at. 1. El imaginario nacional-regional (1830-1930). De Blanes a Figari -- t. 2. Representaciones de la modernidad (1930-1960). _tBarradas entre dos Montevideos _tTorres García: De Barcelona a París _tLa Pintura en la crisis del país modelo _tJoaquín Torres Garcia en Montevideo _tModernidad Estética y conciencia critica: 1940-1960 |
|
| 650 | 0 |
_aPainting, Uruguayan. _xArte _xArte Uruguayo _xUruguay _xArte-Historia-Pintura (1930-1960) _92261 |
|
| 906 |
_a7 _bcbc _corigode _d2 _encip _f20 _gy-gencatlg |
||
| 999 |
_c474 _d474 |
||